Špecifiká politického a ekonomického vývoja Ruskej federácie v rokoch 2000-2008 diplomová práca

Enregistré dans:
Détails bibliographiques
Auteur principal: Stričíková, Andrea
Collectivité auteur: Fakulta medzinárodných vzťahov EU. Katedra medzinárodných politických vzťahov
Autres auteurs: Zubro, Tetyana, 1975-
Format: Livre
Langue:slovaque
Publié: Bratislava 2018
Tags: Ajouter un tag
Pas de tags, Soyez le premier à ajouter un tag!

MARC

LEADER 00000nbm a2200000 4500
001 0244470
005 20180807080751.8
041 0 |a slo 
044 |a SK 
245 1 0 |a Špecifiká politického a ekonomického vývoja Ruskej federácie v rokoch 2000-2008  |b diplomová práca  |c Andrea Stričíková ; školiteľ: Tetyana Zubro 
264 1 |a Bratislava  |c 2018 
300 |a 96 s. 
100 1 |a Stričíková, Andrea 
700 1 |a Zubro, Tetyana, 1975- 
710 2 |a Fakulta medzinárodných vzťahov EU. Katedra medzinárodných politických vzťahov